000 00444nam a2200181Ia 4500
001 17590
005 20260306171528.0
008 260306s9999||||xx |||||||||||||| ||und||
041 _aESP
082 _a658.05
_bL29 2017
100 _aLaudon, Kenneth C.
_eAUT
245 0 _aE-Commerce:
_bbusiness, technology, society
260 _c2017
300 _a908 páginas :
_c25 cm.
650 _aGEN
654 _aCAN
942 _cLIB
_dJUS
_fJUS
_2ddc
_n
999 _c17590
_d17590